| 000 | 00496cam a22002052a 4500 | ||
|---|---|---|---|
| 001 | 023973 | ||
| 003 | AR-FADEU | ||
| 008 | 311216n1996####xxu####################dd | ||
| 020 | _a84-413-0521-8 | ||
| 092 |
_a320.51 _bV945 _eBDT |
||
| 100 | _aVon Mises, Ludwig | ||
| 245 | _aSobre liberalismo y capitalismo | ||
| 260 | _aBarcelona | ||
| 260 | _bUnión | ||
| 260 | _c1996 | ||
| 300 | _a2 v | ||
| 440 | _aBiblioteca de economía | ||
| 650 | _aCAPITALISMO; LIBERALISMO/BDT/ | ||
| 942 | _cBDT | ||
| 999 |
_c29663 _d29663 |
||